<?xml version="1.0" encoding="UTF-8"?><?xml-stylesheet type="text/xsl" href="static/style.xsl"?><OAI-PMH xmlns="http://www.openarchives.org/OAI/2.0/" xmlns:xsi="http://www.w3.org/2001/XMLSchema-instance" xsi:schemaLocation="http://www.openarchives.org/OAI/2.0/ http://www.openarchives.org/OAI/2.0/OAI-PMH.xsd"><responseDate>2026-04-17T06:50:27Z</responseDate><request verb="GetRecord" identifier="oai:www.recercat.cat:2072/480235" metadataPrefix="marc">https://recercat.cat/oai/request</request><GetRecord><record><header><identifier>oai:recercat.cat:2072/480235</identifier><datestamp>2025-07-29T23:22:48Z</datestamp><setSpec>com_2072_98</setSpec><setSpec>col_2072_378192</setSpec></header><metadata><record xmlns="http://www.loc.gov/MARC21/slim" xmlns:dcterms="http://purl.org/dc/terms/" xmlns:xsi="http://www.w3.org/2001/XMLSchema-instance" xmlns:doc="http://www.lyncode.com/xoai" xsi:schemaLocation="http://www.loc.gov/MARC21/slim http://www.loc.gov/standards/marcxml/schema/MARC21slim.xsd">
   <leader>00925njm 22002777a 4500</leader>
   <datafield ind2=" " ind1=" " tag="042">
      <subfield code="a">dc</subfield>
   </datafield>
   <datafield ind2=" " ind1=" " tag="720">
      <subfield code="a">Solorzano Alcivar, Nayeth</subfield>
      <subfield code="e">author</subfield>
   </datafield>
   <datafield ind2=" " ind1=" " tag="720">
      <subfield code="a">Park Kim, Da Hee</subfield>
      <subfield code="e">author</subfield>
   </datafield>
   <datafield ind2=" " ind1=" " tag="720">
      <subfield code="a">Rubio Zurita, Andrea</subfield>
      <subfield code="e">author</subfield>
   </datafield>
   <datafield ind2=" " ind1=" " tag="720">
      <subfield code="a">Elizalde Ríos, Elizabeth</subfield>
      <subfield code="e">author</subfield>
   </datafield>
   <datafield ind2=" " ind1=" " tag="260">
      <subfield code="c">2025</subfield>
   </datafield>
   <datafield ind2=" " ind1=" " tag="520">
      <subfield code="a">El diseño de personajes como embajadores de mensaje y la creación de escenografías atractivas en los videojuegos educativos, son esenciales para garantizar su efectividad de uso. Este estudio se enfoca en la educación musical infantil apoyada en la implementación de una serie de videojuegos llamada MIDI-Musical. Metodologías cualitativas como Design Thinking, consideradas como aspectos claves en investigación aplicada al diseño, respaldan la creación de sus personajes, arquetipos y escenarios, garantizando producciones bien informadas. Con base en los resultados, se busca fortalecer la conexión entre aprendizaje y diversión dentro del contexto educativo musical, potenciando nuevas investigaciones relacionadas con videojuegos serios infantiles.</subfield>
   </datafield>
   <datafield ind2=" " ind1=" " tag="520">
      <subfield code="a">El disseny de personatges com a ambaixadors de missatge i la creació d'escenografies atractives als videojocs educatius són essencials per garantir-ne l'efectivitat d'ús. Aquest estudi s'enfoca a l'educació musical infantil recolzada en la implementació d'una sèrie de videojocs anomenada MIDI-Musical. Metodologies qualitatives com Design Thinking, considerades com a aspectes claus en recerca aplicada al disseny, donen suport a la creació dels seus personatges, arquetips i escenaris, garantint produccions ben informades. Amb base als resultats, es busca enfortir la connexió entre aprenentatge i diversió dins del context educatiu musical, potenciant noves investigacions relacionades amb videojocs seriosos infantils.</subfield>
   </datafield>
   <datafield ind2=" " ind1=" " tag="520">
      <subfield code="a">Designing characters as message ambassadors and creating attractive background designs in educational video games are essential to guarantee their effective use. This study focuses on children's music education supported by implementing a series of video games called MIDI-Musical. Qualitative methodologies such as Design Thinking, considered as a key aspect in research applied to design, support the creation of its characters, archetypes, and scenarios, guaranteeing well-informed productions. Based on the results, we seek to strengthen the connection between learning and fun within the musical educational context, promoting new research related to serious video games for children.</subfield>
   </datafield>
   <datafield tag="653" ind2=" " ind1=" ">
      <subfield code="a">Juegos serios</subfield>
   </datafield>
   <datafield tag="653" ind2=" " ind1=" ">
      <subfield code="a">Educación</subfield>
   </datafield>
   <datafield tag="653" ind2=" " ind1=" ">
      <subfield code="a">Niños</subfield>
   </datafield>
   <datafield tag="653" ind2=" " ind1=" ">
      <subfield code="a">Diseño gráfico</subfield>
   </datafield>
   <datafield tag="653" ind2=" " ind1=" ">
      <subfield code="a">Arquetipos</subfield>
   </datafield>
   <datafield tag="653" ind2=" " ind1=" ">
      <subfield code="a">Escenografías</subfield>
   </datafield>
   <datafield tag="653" ind2=" " ind1=" ">
      <subfield code="a">Character design</subfield>
   </datafield>
   <datafield tag="653" ind2=" " ind1=" ">
      <subfield code="a">Early childhood education</subfield>
   </datafield>
   <datafield tag="653" ind2=" " ind1=" ">
      <subfield code="a">Colour</subfield>
   </datafield>
   <datafield tag="653" ind2=" " ind1=" ">
      <subfield code="a">Serious games</subfield>
   </datafield>
   <datafield tag="653" ind2=" " ind1=" ">
      <subfield code="a">Scenery</subfield>
   </datafield>
   <datafield tag="653" ind2=" " ind1=" ">
      <subfield code="a">Jocs seriosos</subfield>
   </datafield>
   <datafield tag="653" ind2=" " ind1=" ">
      <subfield code="a">Educació</subfield>
   </datafield>
   <datafield tag="653" ind2=" " ind1=" ">
      <subfield code="a">Nens</subfield>
   </datafield>
   <datafield tag="653" ind2=" " ind1=" ">
      <subfield code="a">Disseny gràfic</subfield>
   </datafield>
   <datafield tag="653" ind2=" " ind1=" ">
      <subfield code="a">Arquetips</subfield>
   </datafield>
   <datafield tag="653" ind2=" " ind1=" ">
      <subfield code="a">Escenografies</subfield>
   </datafield>
   <datafield ind2="0" ind1="0" tag="245">
      <subfield code="a">Estrategias de diseño en la creación de personajes para videojuegos educativos infantiles : caso MIDI-Musical</subfield>
   </datafield>
</record></metadata></record></GetRecord></OAI-PMH>